KOHA-Header-6

Pakistan kay Mah-w-Saal (Record no. 9661)

000 -LEADER
fixed length control field 00272nam a2200109Ia 4500
100 ## - MAIN ENTRY--AUTHOR NAME
Personal name Hafiz Naseemuddin
245 #0 - TITLE STATEMENT
Title Pakistan kay Mah-w-Saal
260 ## - PUBLICATION, DISTRIBUTION, ETC. (IMPRINT)
Place of publication Islamabad
Name of publisher Saeed Publications
Year of publication 1990
300 ## - PHYSICAL DESCRIPTION
Number of Pages 550
942 ## - ADDED ENTRY ELEMENTS (KOHA)
Koha item type Books
Holdings
Withdrawn status Lost status Collection code Permanent Location Current Location Shelving location Date acquired Full call number Accession Number Koha item type
      MAJU MAJU   2019-09-14 512.9 5553 Pakistan Studies

Powered by Koha